|
|
|
|
| LEADER |
00000nam a2200000 a 4500 |
| 001 |
UCR1767 |
| 003 |
CL-VaPUC |
| 008 |
971219e19610000sp |||||||||||||||||spa|d |
| 082 |
0 |
4 |
|a 248.894
|b LEC
|2 21
|
| 100 |
|
|
|a Leclercq, Jacques
|e author
|9 581394
|
| 245 |
1 |
3 |
|a La vocación religiosa
|
| 250 |
|
|
|a 4a. ed
|
| 300 |
|
|
|a 297 p
|
| 942 |
|
|
|c BK
|
| 945 |
|
|
|d 19971219 00:00:00
|a jquezada
|
| 260 |
|
|
|a San Sebastián
|b Dinor
|c 1961
|
| 650 |
|
0 |
|a Vocación sacerdotal
|9 392453
|
| 650 |
|
0 |
|a Vocación religiosa
|9 392452
|
| 650 |
|
7 |
|a CELIBATO
|2 CL-VaPUC
|9 334066
|
| 650 |
|
7 |
|a DERECHO CANONICO
|2 CL-VaPUC
|9 399231
|
| 650 |
|
0 |
|a Pobreza
|9 258652
|
| 650 |
|
7 |
|a OBEDIENCIA
|2 CL-VaPUC
|9 376616
|
| 583 |
|
|
|a last modification
|c 20150504 03:55:32
|k Rodrigo Vera
|
| 490 |
0 |
|
|a Prisma
|
| 999 |
|
|
|c 265132
|d 265130
|
| 952 |
|
|
|0 0
|1 0
|4 0
|6 248_894000000000000_LEC_1961
|7 0
|8 A
|9 295948
|a BIBTEO
|b BIBTEO
|d 2019-11-20
|i 3368378
|o 248.894 LEC 1961
|p 3368378
|r 2025-01-17
|w 2019-11-20
|y BK
|k ICR
|